| 000 | 00503nam a22001937a 4500 | ||
|---|---|---|---|
| 003 | OSt | ||
| 005 | 20220817094903.0 | ||
| 008 | 220817b |||||||| |||| 00| 0 eng d | ||
| 020 | _a1843905876 | ||
| 040 | _cIFM Library | ||
| 082 | _a658.403811 | ||
| 100 |
_aACCA _94157 |
||
| 245 | _aInformation Systems: ACCA Study Text | ||
| 260 |
_aLondon. _bFTC Foulks Lynch _c2005 |
||
| 300 |
_axvi ,290p. _b:ill. ; 25cm |
||
| 500 | _aIncludes Index | ||
| 650 |
_aInformation System _9272 |
||
| 942 |
_cBK _2ddc _n0 |
||
| 999 |
_c20382 _d20382 |
||